00870nam a2200205 i 450000100060000000300090000600500170001500700030003200800410003504000200007624501900009626000490028630000200033550500430035565000220039871000740042085200250049499900170051995201280053648817ES-MaACL20230906161827.0t|950905s1883 fr ab |||| | fre d aCAM bspa cCAM00aStatistique de l'industrie minérale et des appareils à vapeur en France et en Algérie pour l'année ... b: avec un appendice concernant la statistique minérale internationale. aParis : bImprimerie Nationale, c1883-1893. a3 v. ; c30 cm.8 aContiene los años: 1882, 1885 y 189204aMinería.9150541 aFrancia. bDirection des Routes, de la Navigation et des Mines.94159 aES-MaACLjC-12378-80 c48817d48817 001040708LIBXIXaATENEOMbATENEOMcSPALd2008-01-17eSCl0oC-12378-80p1051372r2023-02-23 00:00:00w2023-02-23yMONANT